La autoría y la participación criminal

Saved in:
Bibliografiske detaljer
Hovedforfatter: Donna, Edgardo Alberto (Author)
Format: Bog
Sprog:spansk
Udgivet: Santa Fe Rubinzal-Culzoni 2002
Udgivelse:2a. ed
Serier:Colección Autores de Derecho Penal
Fag:
Tags: Tilføj Tag
Ingen Tags, Vær først til at tagge denne postø!

MARC

LEADER 00000nam a2200000 a 4500
001 UCK8888
003 CL-VaPUC
008 060407e20020000AG |||||||||||||||||spa|d
020 |a 9507273840 
082 0 4 |a 345.04  |b DON  |2 21 
100 0 |a Donna, Edgardo Alberto  |e author  |9 498630 
245 1 3 |a La autoría y la participación criminal 
250 |a 2a. ed 
300 |a 138 p 
942 |c BK 
945 |d 20060407 00:00:00  |a jtorresc 
260 |a Santa Fe  |b Rubinzal-Culzoni  |c 2002 
650 7 |a DERECHO PENAL  |2 CL-VaPUC  |9 11 
650 0 |a Delitos  |9 224143 
650 7 |a PARTICIPACION CRIMINAL  |2 CL-VaPUC  |9 383238 
650 0 |a Responsabilidad penal  |9 254899 
583 |a last modification  |c 20060407 00:00:00  |k Rodrigo Vera 
490 0 |a Colección Autores de Derecho Penal 
999 |c 316290  |d 316288 
952 |0 0  |1 0  |4 0  |6 345_040000000000000_DON_2002  |7 0  |8 A  |9 390538  |a BIBDER  |b BIBDER  |d 2019-11-22  |i 4216407  |o 345.04 DON 2002  |p 4216407  |r 2019-11-22  |w 2019-11-22  |y BK  |k DER